书目信息 |
| 题名: |
气浮净水技术的研究与应用
|
|
| 作者: | 陈翼孙 著 | |
| 分册: | ||
| 出版信息: | 上海市 上海科学技术出版社 1985.08 |
|
| 页数: | 225页 | |
| 开本: | 32开 | |
| 丛书名: | ||
| 单 册: | ||
| 中图分类: | TU991.2 | |
| 科图分类: | ||
| 主题词: | 给水工程:市政工程 , 城市供水系统 | |
| 电子资源: | ||
| ISBN: | ||
| 000 | 00598nam0 2200205 45 | |
| 001 | 0006170939 | |
| 005 | 20000617093325.5 | |
| 010 | @d1.45元 | |
| 100 | @a20000617d1985 km y0chiy0120 ea | |
| 101 | 0 | @achi |
| 105 | @a z 000yy | |
| 200 | 1 | @a气浮净水技术的研究与应用@AQi Fu Jing Shui Ji Shu De Yan Jiu Yu Ying Yong@f陈翼孙著@FChen Yi Sun Zhu |
| 210 | @a上海市@c上海科学技术出版社@d1985.08 | |
| 215 | @a225页@d32开 | |
| 606 | 0 | @a给水工程:市政工程 |
| 606 | 0 | @a城市供水系统 |
| 690 | @aTU991.2@v3 | |
| 701 | 0 | @a陈翼孙@4著 |
| 801 | @aCN@bPftUser@c20000617 | |
| 905 | @b207386@dTU991.2@eCH773@f1 | |
| 气浮净水技术的研究与应用/陈翼孙著.-上海市:上海科学技术出版社,1985.08 |
| 225页;32开 |
| ISBN :1.45元 |
| ● |
| 相关链接 |
|
|
|
正题名:气浮净水技术的研究与应用
索取号:TU991.2/CH773
 
预约/预借
| 序号 | 登录号 | 条形码 | 馆藏地/架位号 | 状态 | 备注 |
| 1 | 207386 | 202073861 | 建筑库201/201建筑库 131排1列3层/ [索取号:TU991.2/CH773] | 在馆 |